Welcome to WEB OPAC of MRSPTU Central Library

Te Dev Pursh Haar Gye (ਤੇ ਦੇਵ ਪੁਰਸ਼ ਹਾਰ ਗਏ) (Record no. 9914)

MARC details
000 -LEADER
fixed length control field 00450nam a22001337a 4500
003 - CONTROL NUMBER IDENTIFIER
control field OSt
005 - DATE AND TIME OF LATEST TRANSACTION
control field 20240320123033.0
008 - FIXED-LENGTH DATA ELEMENTS--GENERAL INFORMATION
fixed length control field 240320b |||||||| |||| 00| 0 eng d
040 ## - CATALOGING SOURCE
Transcribing agency Central Library MRSPTU
100 ## - MAIN ENTRY--PERSONAL NAME
Personal name Dr. Abrham T. Kavoor (ਡਾ. ਅਬ੍ਰਾਹਮ ਟੀ. ਕਾਵੂਰ)
245 ## - TITLE STATEMENT
Title Te Dev Pursh Haar Gye (ਤੇ ਦੇਵ ਪੁਰਸ਼ ਹਾਰ ਗਏ)
260 ## - PUBLICATION, DISTRIBUTION, ETC.
Place of publication, distribution, etc. Punjab
Name of publisher, distributor, etc. Taraksheel Society
Date of publication, distribution, etc. 2001
942 ## - ADDED ENTRY ELEMENTS (KOHA)
Source of classification or shelving scheme Dewey Decimal Classification
Koha item type Book
Suppress in OPAC No
Holdings
Withdrawn status Lost status Source of classification or shelving scheme Damaged status Not for loan Collection Home library Current library Date acquired Total checkouts Barcode Date last seen Price effective from Koha item type
    Dewey Decimal Classification     BK MRSPTU Central Library MRSPTU Central Library 03/20/2024   G-76 03/20/2024 03/20/2024 Book

Website Designed and Developed by MRSPTU Central Library Team

E-mail Id: librarian@mrsptu.ac.in